[Event "Brasilia Regional Centro Oeste"]
[Site "Brasilia"]
[Date "2014.05.09"]
[Round "1"]
[White "Olivo, Anibal Ribeiro"]
[Black "Tavares de Melo, Marcelo Asensi"]
[Result "1-0"]
[WhiteElo "1600"]
[BlackElo "1800"]
[PlyCount "50"]
[EventDate "2014.05.09"]
[EventType "swiss"]
[EventRounds "5"]
[EventCountry "BRA"]
[SourceTitle "CBM 160 Extra"]
[Source "ChessBase"]
[SourceDate "2014.07.01"]
[SourceVersion "1"]
[SourceVersionDate "2014.07.01"]
[SourceQuality "1"]

1. e4 e5 2. Nf3 Nc6 3. Bb5 a6 4. Ba4 b5 5. Bb3 Nf6 6. 0-0 Be7 7. Re1 0-0 8. c3 Bb7 9. d4 Bd6 10. Nbd2 Re8 11. Bc2 h6 12. Nf1 a5 13. a4 b4 14. d5 Ne7 15. c4 c5 16. Ng3 Ng6 17. h3 Qc7 18. Nf5 Rad8 19. Nh2 Nf4 20. Ng4 Kh7 21. Qf3 Rh8 22. Qg3 N6h5 23. Qf3 Kg8 24. h4 Kf8 25. g3 Nh3+ 1-0